[Event "VII Miedzynarodowy Festiwal Szachowy - O"]
[Site "Ostroda"]
[Date "2010.08.03"]
[Round "2.7"]
[White "Le Masle, Raphael"]
[Black "Gorniewicz, Oskar"]
[Result "1/2-1/2"]
[WhiteElo "2128"]
[BlackElo "1896"]
[PlyCount "43"]
[EventDate "2010.??.??"]

1. d4 Nf6 2. Nf3 d6 3. c4 g6 4. g3 Bg7 5. Bg2 O-O 6. O-O c5 7. b3 cxd4 8. Nxd4
d5 9. cxd5 Nxd5 10. Bb2 Nb4 11. Na3 N8c6 12. Nxc6 Nxc6 13. Bxg7 Kxg7 14. Qc1
Bg4 15. Rd1 Qa5 16. Rd5 Qa6 17. Qb2+ Kg8 18. Nb5 Rad8 19. Nc3 Rxd5 20. Bxd5 Rd8
21. Bc4 Qa5 22. Bb5 1/2-1/2

[Event "VII Miedzynarodowy Festiwal Szachowy - O"]
[Site "Ostroda"]
[Date "2010.08.03"]
[Round "2.8"]
[White "Pycka, Zbigniew"]
[Black "Malczyk, Rafal"]
[Result "0-1"]
[WhiteElo "1929"]
[BlackElo "2103"]
[PlyCount "106"]
[EventDate "2010.??.??"]

1. Nf3 g6 2. c4 Nf6 3. Nc3 Bg7 4. g3 O-O 5. Bg2 d6 6. O-O e5 7. d3 Nc6 8. h3 a6
9. Bg5 h6 10. Bd2 Rb8 11. Qc1 Kh7 12. a4 Be6 13. e4 Nd7 14. Nd5 Nc5 15. Ra3 a5
16. b4 axb4 17. Nxb4 Qd7 18. Kh2 Nxb4 19. Bxb4 Nxa4 20. Qc2 Nc5 21. Bxc5 dxc5
22. Rfa1 Qd6 23. Ra7 c6 24. Ne1 f5 25. Rb1 b6 26. Qb2 Rf7 27. Rba1 Rxa7 28.
Rxa7 b5 29. Qe2 b4 30. exf5 Bxf5 31. Be4 b3 32. Ra1 Qd4 33. Rb1 Bxe4 34. dxe4
Rb4 35. Nf3 Qxc4 36. Qxc4 Rxc4 37. Rxb3 Rxe4 38. Rc3 Re2 39. Kg2 e4 40. Rxc5
exf3+ 41. Kxf3 Re6 42. g4 g5 43. Rc2 Kg6 44. Kg2 Be5 45. Kf3 Bf4 46. h4 Kf6 47.
h5 Ke7 48. Ra2 c5 49. Ra7+ Kd6 50. Ra1 c4 51. Ra5 c3 52. Ra3 c2 53. Rd3+ Ke5
0-1

[Event "VII Miedzynarodowy Festiwal Szachowy - O"]
[Site "Ostroda"]
[Date "2010.08.03"]
[Round "2.9"]
[White "Nasuta, Grzegorz"]
[Black "Siwon, Zbigniew"]
[Result "1-0"]
[WhiteElo "2102"]
[BlackElo "1854"]
[PlyCount "147"]
[EventDate "2010.??.??"]

1. e4 c5 2. Nf3 Nc6 3. d4 cxd4 4. Nxd4 Nf6 5. Nc3 e6 6. Ndb5 Bb4 7. a3 Bxc3+ 8.
Nxc3 d5 9. exd5 Nxd5 10. Nxd5 Qxd5 11. Qxd5 exd5 12. Bf4 Bf5 13. O-O-O O-O-O
14. Bd3 Bxd3 15. Rxd3 Rd7 16. Rhd1 Rhd8 17. Bg3 b6 18. f4 f6 19. Bf2 Na5 20. b3
Nc6 21. Kb2 Kc7 22. g4 h6 23. R3d2 b5 24. g5 hxg5 25. fxg5 d4 26. gxf6 gxf6 27.
Bg3+ Kb7 28. Rf1 Rf7 29. Rf5 Ne7 30. Rxb5+ Kc6 31. Ra5 Kb6 32. Ra4 Nc6 33. Bf2
Rh7 34. Bxd4+ Nxd4 35. Raxd4 Rxd4 36. Rxd4 Kc5 37. Rf4 Rh6 38. h4 Kd5 39. Kc3
Ke5 40. Ra4 Rh7 41. Kd3 f5 42. Ke3 Rg7 43. Ra5+ Ke6 44. Kf3 Rg4 45. h5 Rg7 46.
h6 Rc7 47. c4 Rd7 48. Kf4 Rd4+ 49. Kg5 Rg4+ 50. Kh5 Rg3 51. Ra6+ Ke5 52. h7
Rh3+ 53. Kg6 f4 54. Rxa7 f3 55. Rf7 Rg3+ 56. Kh6 Rh3+ 57. Kg7 Rg3+ 58. Kf8 Rh3
59. c5 Kd5 60. b4 f2 61. Rxf2 Rxh7 62. Rc2 Ra7 63. c6 Kd6 64. c7 Rxc7 65. Rxc7
Kxc7 66. a4 Kb6 67. b5 Kb7 68. a5 Kc7 69. b6+ Kc6 70. Ke7 Kb7 71. Kd7 Ka8 72.
a6 Kb8 73. b7 Ka7 74. Kc7 1-0

[Event "VII Miedzynarodowy Festiwal Szachowy - O"]
[Site "Ostroda"]
[Date "2010.08.03"]
[Round "2.10"]
[White "Milkowska, Ernesta"]
[Black "Rak, Tomasz"]
[Result "0-1"]
[WhiteElo "1861"]
[BlackElo "2093"]
[PlyCount "117"]
[EventDate "2010.??.??"]

1. c4 e6 2. Nf3 d5 3. b3 f5 4. Bb2 Nf6 5. g3 Bd6 6. Bg2 O-O 7. O-O Nbd7 8. d4
c6 9. Ba3 Bxa3 10. Nxa3 Ne4 11. Nc2 Qf6 12. Qd3 g5 13. Nfe1 Qg6 14. f3 Nd6 15.
a4 Nf6 16. Na3 h5 17. b4 Kg7 18. Nec2 Rh8 19. Rae1 h4 20. c5 Nf7 21. Nb1 hxg3
22. hxg3 Bd7 23. Nc3 Rae8 24. e4 Nh5 25. Ne2 f4 26. Kf2 fxg3+ 27. Nxg3 Nf4 28.
Qb3 Rh2 29. Ne3 g4 30. Rh1 Nh3+ 31. Ke2 gxf3+ 32. Kxf3 Nfg5+ 33. Ke2 Nf4+ 34.
Kd1 Reh8 35. Rxh2 Rxh2 36. Bh1 Ngh3 37. Kc1 Kh8 38. Nd1 Qg5 39. Kb1 Rd2 40. Nb2
Rxd4 41. Ne2 Qh4 42. Qc3 Nxe2 43. Rxe2 e5 44. Qf3 Nf4 45. Rc2 dxe4 46. Qf1 e3
47. Ka1 Bf5 48. Rc1 e2 49. Qg1 Rxb4 50. Qe3 Qf6 51. Qc3 Rd4 52. Qg3 Bg6 53. Bf3
e4 54. Bxe2 Rxa4+ 55. Kb1 Rb4 56. Qh2+ Kg7 57. Bc4 e3+ 58. Ka2 e2 59. Rh1 0-1

[Event "VII Miedzynarodowy Festiwal Szachowy - O"]
[Site "Ostroda"]
[Date "2010.08.03"]
[Round "2.11"]
[White "Jozwik, Rafal"]
[Black "Gajek, Radoslaw"]
[Result "1-0"]
[WhiteElo "2069"]
[BlackElo "1843"]
[PlyCount "55"]
[EventDate "2010.??.??"]

1. e4 c5 2. c3 Nf6 3. e5 Nd5 4. d4 cxd4 5. Qxd4 e6 6. Nf3 Nc6 7. Qe4 Qc7 8. Bc4
Nb6 9. Bb3 d5 10. exd6 Bxd6 11. O-O Na5 12. Bc2 Bd7 13. Nbd2 O-O-O 14. a4 h6
15. Re1 f5 16. Qe2 Nc6 17. a5 Nd5 18. Nc4 Bf4 19. Nfe5 Bxc1 20. Nxd7 Nf4 21.
Qf3 Rxd7 22. Raxc1 g5 23. b4 Kb8 24. Qe3 g4 25. b5 Nd5 26. Qxe6 Nce7 27. b6 Qd8
28. Ba4 1-0

[Event "VII Miedzynarodowy Festiwal Szachowy - O"]
[Site "Ostroda"]
[Date "2010.08.03"]
[Round "2.13"]
[White "Opalinski, Sebastian"]
[Black "Goslawski, Michal"]
[Result "0-1"]
[WhiteElo "1807"]
[BlackElo "2018"]
[PlyCount "129"]
[EventDate "2010.??.??"]

1. c4 Nf6 2. Nc3 e6 3. d4 Bb4 4. Bg5 Bxc3+ 5. bxc3 d6 6. e4 h6 7. Bxf6 Qxf6 8.
Nf3 Nd7 9. Bd3 e5 10. Bc2 O-O 11. Qd3 Re8 12. O-O Nf8 13. Rab1 Rb8 14. Ba4 Rd8
15. Nd2 Ne6 16. Nb3 Nf4 17. Qe3 Bh3 18. g3 Bxf1 19. Kxf1 Ng6 20. Na5 exd4 21.
cxd4 Qe7 22. Rxb7 Rxb7 23. Nxb7 Rb8 24. Bc6 Qg5 25. f4 Qg4 26. Ke1 Ne7 27. d5
Nxc6 28. dxc6 Re8 29. Kf2 Qh3 30. Kg1 Qe6 31. c5 dxc5 32. Nxc5 Qxc6 33. e5 Rb8
34. Nb3 Qb6 35. Kf2 Qxe3+ 36. Kxe3 Rb4 37. f5 Kf8 38. h3 Ra4 39. Nc1 Ke7 40.
Kf3 Ra3+ 41. Kf4 Ra4+ 42. Kf3 g6 43. f6+ Ke6 44. Nd3 Ra3 45. Ke4 Ra4+ 46. Kf3
Ra3 47. Ke4 Rxd3 48. Kxd3 Kxe5 49. a4 Kd5 50. h4 h5 51. a5 a6 52. Kc3 c6 53.
Kd3 c5 54. Ke3 Kc4 55. Ke4 Kb3 56. Kd5 c4 57. Kd6 c3 58. Ke7 c2 59. Kxf7 c1=Q
60. Kg7 Qc3 61. Kxg6 Qxg3+ 62. Kxh5 Qf3+ 63. Kg6 Qg4+ 64. Kh7 Qxh4+ 65. Kg6 0-1

[Event "VII Miedzynarodowy Festiwal Szachowy - O"]
[Site "Ostroda"]
[Date "2010.08.03"]
[Round "2.14"]
[White "Maruszczak, Joanna"]
[Black "Wiechowski, Lukasz"]
[Result "1-0"]
[WhiteElo "1643"]
[BlackElo "1832"]
[PlyCount "89"]
[EventDate "2010.??.??"]

1. e4 d6 2. d4 Nf6 3. Nc3 g6 4. Be3 c6 5. f3 Nbd7 6. Qd2 b5 7. Bd3 Nb6 8. h4 h5
9. Nh3 Qc7 10. Nf2 a5 11. O-O-O b4 12. Ne2 Ba6 13. Kb1 Nc4 14. Bxc4 Bxc4 15. g4
Qb7 16. Rdg1 a4 17. Ng3 b3 18. cxb3 axb3 19. a3 Qb5 20. Bg5 Bg7 21. gxh5 Nxh5
22. Nxh5 Rxh5 23. Be3 Ra4 24. Rg5 Rxg5 25. hxg5 Bf1 26. f4 Qe2 27. Qxe2 Bxe2
28. Re1 Bf3 29. e5 Kd7 30. Nd1 Ke6 31. Nc3 Ra8 32. Bd2 Kf5 33. Re3 Kxf4 34.
exd6 Kg4 35. Rxe7 Bxd4 36. Rxf7 Bxc3 37. Bxc3 Bd5 38. Rf2 Be4+ 39. Kc1 Rd8 40.
Be5 Bf5 41. Kd2 Kxg5 42. Kc3 Rb8 43. Rg2+ Kh6 44. Bf6 Kh7 45. Rh2+ 1-0

[Event "VII Miedzynarodowy Festiwal Szachowy - O"]
[Site "Ostroda"]
[Date "2010.08.03"]
[Round "2.16"]
[White "Jubin, Thierry"]
[Black "Malczyk, Jakub"]
[Result "0-1"]
[WhiteElo "1846"]
[BlackElo "2065"]
[PlyCount "75"]
[EventDate "2010.??.??"]

1. e4 d5 2. exd5 Qxd5 3. Nc3 Qd6 4. d4 Nf6 5. Bc4 a6 6. Bb3 b5 7. Nge2 Bb7 8.
f3 e6 9. Bf4 Qd7 10. Qd2 Bd6 11. Bg5 c5 12. Bxf6 gxf6 13. a3 c4 14. Ba2 f5 15.
O-O-O Qe7 16. d5 e5 17. Rhe1 Nd7 18. Nd4 Qf6 19. Nc6 O-O 20. g4 Rac8 21. gxf5
Nc5 22. Ne4 Nxe4 23. fxe4 Bxc6 24. dxc6 Rxc6 25. Rg1+ Kh8 26. Rg3 Bc5 27. Qg2
Rd6 28. Re1 Rfd8 29. c3 Rd2 30. Rg8+ Rxg8 31. Qxd2 Rd8 32. Qe2 Qh6+ 33. Kc2 Qh4
34. Rd1 Rxd1 35. Kxd1 Qg5 36. a4 Qg1+ 37. Kc2 Be3 38. axb5 0-1

[Event "VII Miedzynarodowy Festiwal Szachowy - O"]
[Site "Ostroda"]
[Date "2010.08.03"]
[Round "2.17"]
[White "Ciesielski, Tomasz"]
[Black "Ostrega, Przemyslaw"]
[Result "1-0"]
[WhiteElo "1839"]
[BlackElo "1600"]
[PlyCount "59"]
[EventDate "2010.??.??"]

1. e4 c5 2. d4 cxd4 3. Bc4 Nc6 4. c3 dxc3 5. Nxc3 d6 6. Nf3 Nf6 7. O-O Bg4 8.
Bf4 g6 9. Qb3 Be6 10. Bxe6 fxe6 11. Qxe6 Qd7 12. Qxd7+ Nxd7 13. Nd5 Rc8 14.
Rac1 Bg7 15. Rfd1 Nc5 16. b4 Nxe4 17. Re1 g5 18. Rxe4 gxf4 19. b5 e5 20. Rec4
Kd7 21. bxc6+ bxc6 22. Nb4 d5 23. Rxc6 Rxc6 24. Nxc6 Kd6 25. Nxa7 d4 26. Nb5+
Kd5 27. Nd2 Rb8 28. a4 Bh6 29. Nc7+ Kd6 30. Ne4+ 1-0

[Event "VII Miedzynarodowy Festiwal Szachowy - O"]
[Site "Ostroda"]
[Date "2010.08.03"]
[Round "2.18"]
[White "Murawski, Jacek"]
[Black "Opalinski, Krzysztof"]
[Result "0-1"]
[WhiteElo "1600"]
[BlackElo "1805"]
[PlyCount "24"]
[EventDate "2010.??.??"]

1. d4 d5 2. c4 e5 3. dxe5 d4 4. e3 Bb4+ 5. Bd2 dxe3 6. Bxb4 exf2+ 7. Ke2
fxg1=N+ 8. Ke1 Qh4+ 9. Kd2 Qf4+ 10. Kc2 Bf5+ 11. Bd3 Nc6 12. Bc3 Rd8 0-1

[Event "VII Miedzynarodowy Festiwal Szachowy - O"]
[Site "Ostroda"]
[Date "2010.08.03"]
[Round "2.20"]
[White "Janik, Igor"]
[Black "Stachowicz, Feliks"]
[Result "1-0"]
[WhiteElo "1586"]
[BlackElo "1784"]
[PlyCount "65"]
[EventDate "2010.??.??"]

1. e4 e6 2. d4 d5 3. Nd2 dxe4 4. Nxe4 Nd7 5. Bd3 Ngf6 6. Nf3 Nxe4 7. Bxe4 Nf6
8. Bd3 a6 9. O-O Be7 10. Bd2 O-O 11. c4 b6 12. Qe2 Bb7 13. Bc3 Rc8 14. Rad1 a5
15. Rd2 Qe8 16. Re1 Bb4 17. Ng5 h6 18. Ne4 Bxe4 19. Bxe4 Bxc3 20. bxc3 Qa4 21.
Bc2 Qa3 22. Qf3 Rcd8 23. h4 c5 24. d5 exd5 25. cxd5 Rd6 26. g4 Nh7 27. Qd3 Nf6
28. Qf3 Rfd8 29. g5 hxg5 30. hxg5 Nh7 31. Rde2 g6 32. Re8+ Kg7 33. Qxf7+ 1-0

[Event "VII Miedzynarodowy Festiwal Szachowy - O"]
[Site "Ostroda"]
[Date "2010.08.03"]
[Round "2.21"]
[White "Kuban, Wieslaw"]
[Black "Grenda, Wojciech"]
[Result "1-0"]
[WhiteElo "1775"]
[BlackElo "1545"]
[PlyCount "71"]
[EventDate "2010.??.??"]

1. e4 e6 2. d4 d5 3. Nc3 Nf6 4. e5 Nfd7 5. f4 c5 6. Nf3 Nc6 7. Be3 cxd4 8. Nxd4
Bc5 9. Qd2 O-O 10. Na4 Bxd4 11. Bxd4 Rb8 12. Nc3 a6 13. Be2 b5 14. Bf3 Nb6 15.
b3 Qc7 16. Ne2 Bd7 17. O-O Rfc8 18. Rfc1 a5 19. c3 a4 20. Be3 Qb7 21. Nd4 Na5
22. c4 axb3 23. axb3 Nc6 24. Nxb5 Rd8 25. Nd6 Qc7 26. cxd5 Nxd5 27. Bxd5 exd5
28. Ra7 Nxa7 29. Rxc7 Nb5 30. Nxb5 Rxb5 31. b4 Be6 32. Bc5 d4 33. Qd3 Rdb8 34.
f5 Bd5 35. e6 fxe6 36. Qxd4 1-0

[Event "VII Miedzynarodowy Festiwal Szachowy - O"]
[Site "Ostroda"]
[Date "2010.08.03"]
[Round "2.22"]
[White "Niewiarowski, Mieszko"]
[Black "Olchowko, Blazej"]
[Result "0-1"]
[WhiteElo "1546"]
[BlackElo "1754"]
[PlyCount "102"]
[EventDate "2010.??.??"]

1. e4 e6 2. d4 d5 3. Nc3 dxe4 4. Nxe4 Bd7 5. Nf3 Bc6 6. Bd3 Nd7 7. Qe2 Ngf6 8.
Nxf6+ Nxf6 9. c3 Bxf3 10. Qxf3 c6 11. Bg5 Be7 12. O-O Qd5 13. Qxd5 Nxd5 14.
Bxe7 Nxe7 15. Rfe1 O-O-O 16. Bc2 Nd5 17. g3 Nf6 18. Re5 Rd5 19. Rxd5 cxd5 20.
Re1 Kd7 21. h3 Kd6 22. Kf1 Rc8 23. Ke2 h6 24. Kd2 Nd7 25. f4 f6 26. Re2 a6 27.
Re3 Rf8 28. Bd3 e5 29. dxe5+ fxe5 30. fxe5+ Nxe5 31. Kc2 Rf2+ 32. Re2 Rf3 33.
Rd2 Kc6 34. c4 Nxc4 35. Bxc4 dxc4 36. Rg2 g5 37. h4 g4 38. Kd2 h5 39. Kc2 b5
40. Kd2 Kb6 41. Kc2 Ka5 42. Kd2 Kb4 43. Kc2 a5 44. Kc1 a4 45. Kc2 a3 46. Kc1
Rf1+ 47. Kc2 axb2 48. Kxb2 Rf3 49. Kc2 Ka3 50. Kb1 b4 51. Rg1 Rf2 0-1

[Event "VII Miedzynarodowy Festiwal Szachowy - O"]
[Site "Ostroda"]
[Date "2010.08.03"]
[Round "2.23"]
[White "Makosa, Angelika"]
[Black "Szymanowski, Igor"]
[Result "1-0"]
[WhiteElo "1724"]
[BlackElo "1395"]
[PlyCount "63"]
[EventDate "2010.??.??"]

1. e4 c5 2. Nc3 d6 3. Bc4 Nc6 4. f4 g6 5. d3 Bg7 6. Nf3 e6 7. O-O Nge7 8. Qe1
O-O 9. Qh4 d5 10. Bb3 d4 11. Ne2 Na5 12. f5 exf5 13. Bh6 Nxb3 14. axb3 Nc6 15.
Bxg7 Kxg7 16. exf5 Bxf5 17. Qf4 Qe7 18. Ng3 Qe3+ 19. Qxe3 dxe3 20. Nxf5+ gxf5
21. Nh4 e2 22. Nxf5+ Kg6 23. Rf2 Rfe8 24. Nh4+ Kh5 25. Nf3 Re7 26. Ne1 Rae8 27.
Ra4 b5 28. Ra6 Nb4 29. Raf6 Nxc2 30. R2f5+ Kh4 31. Nf3+ Kg4 32. Rg5# 1-0

[Event "VII Miedzynarodowy Festiwal Szachowy - O"]
[Site "Ostroda"]
[Date "2010.08.03"]
[Round "2.24"]
[White "Moszczenski, Milosz"]
[Black "Marchlewicz, Artur"]
[Result "0-1"]
[WhiteElo "1529"]
[BlackElo "1708"]
[PlyCount "66"]
[EventDate "2010.??.??"]

1. d4 d5 2. c4 c6 3. Nf3 Nf6 4. Nc3 Bf5 5. Qb3 Qb6 6. Qxb6 axb6 7. cxd5 Nxd5 8.
Nxd5 cxd5 9. Bf4 Nc6 10. a3 e6 11. e3 Rc8 12. Rc1 Be7 13. Bg3 O-O 14. Nh4 Bxh4
15. Bxh4 f6 16. Bb5 Nxd4 17. Rxc8 Rxc8 18. Ba4 Rc1+ 19. Bd1 Bc2 20. O-O Bd3 21.
exd4 Bxf1 22. Kxf1 Rxd1+ 23. Ke2 Rxd4 24. Bg3 e5 25. f3 Rc4 26. Kd2 d4 27. Bf2
Kf7 28. b3 Rc3 29. f4 Rxb3 30. Bg3 Rxa3 31. fxe5 Rxg3 32. e6+ Kxe6 33. hxg3 Kd5
0-1

[Event "VII Miedzynarodowy Festiwal Szachowy - O"]
[Site "Ostroda"]
[Date "2010.08.03"]
[Round "2.26"]
[White "Dejna, Miroslaw"]
[Black "Olchowko, Marika"]
[Result "0-1"]
[WhiteElo "1273"]
[BlackElo "1667"]
[PlyCount "66"]
[EventDate "2010.??.??"]

1. b4 e5 2. Bb2 d6 3. a3 Nf6 4. d3 Be7 5. Nd2 O-O 6. Ngf3 c6 7. g3 Bg4 8. Bg2
Qc8 9. c4 Bh3 10. Rg1 Bxg2 11. Rxg2 Qh3 12. Rg1 Ng4 13. Qc2 Nd7 14. O-O-O b5
15. c5 dxc5 16. Bc3 cxb4 17. axb4 c5 18. Qb3 cxb4 19. Bxb4 Bxb4 20. Qxb4 Rfc8+
21. Kb2 Nc5 22. Rc1 a5 23. Qa3 b4 24. Qa2 a4 25. Nc4 a3+ 26. Nxa3 Rxa3 27. Qxa3
bxa3+ 28. Kxa3 Nxf2 29. Rgf1 Qe6 30. Rc3 Qb6 31. Ka2 Ra8+ 32. Ra3 Rxa3+ 33.
Kxa3 Qb3# 0-1

[Event "VII Miedzynarodowy Festiwal Szachowy - O"]
[Site "Ostroda"]
[Date "2010.08.03"]
[Round "3.1"]
[White "Goslawski, Michal"]
[Black "Mista, Aleksander"]
[Result "0-1"]
[WhiteElo "2018"]
[BlackElo "2562"]
[PlyCount "70"]
[EventDate "2010.??.??"]

1. Nf3 g6 2. c4 Bg7 3. Nc3 d6 4. d4 Nf6 5. e4 O-O 6. Be2 Nbd7 7. O-O e5 8. d5
Nc5 9. Qc2 a5 10. Bg5 h6 11. Be3 b6 12. Nd2 Nfd7 13. Kh1 f5 14. exf5 gxf5 15.
f4 e4 16. Nb5 Nf6 17. Nd4 h5 18. Nc6 Qe8 19. h3 Bd7 20. Nd4 Qg6 21. Rfe1 Kf7
22. Nf1 Rh8 23. Nb3 Rag8 24. Nxc5 bxc5 25. Kg1 Ng4 26. hxg4 hxg4 27. Ng3 Qh6
28. Bxg4 fxg4 29. Qxe4 Re8 30. Qd3 Qh2+ 31. Kf2 Rh3 32. Ne4 Rf3+ 33. Ke2 Qxg2+
34. Kd1 Qxb2 35. Rb1 Ba4+ 0-1

[Event "VII Miedzynarodowy Festiwal Szachowy - O"]
[Site "Ostroda"]
[Date "2010.08.03"]
[Round "3.2"]
[White "Kuzmicz, Krystian"]
[Black "Jozwik, Rafal"]
[Result "1-0"]
[WhiteElo "2417"]
[BlackElo "2069"]
[PlyCount "47"]
[EventDate "2010.??.??"]

1. c4 e5 2. g3 f5 3. Bg2 Nf6 4. Nc3 Be7 5. e3 O-O 6. Nge2 c6 7. O-O d6 8. d4
Be6 9. b3 Bf7 10. Ba3 Nbd7 11. Qc2 Bg6 12. Qb2 Nh5 13. f4 exf4 14. exf4 Re8 15.
Qc2 Ndf6 16. Bh3 Qd7 17. Rad1 Bf8 18. d5 c5 19. Kh1 Re7 20. Bc1 Rae8 21. Ng1
Ne4 22. Nxe4 Rxe4 23. Nf3 Be7 24. Qxe4 1-0

[Event "VII Miedzynarodowy Festiwal Szachowy - O"]
[Site "Ostroda"]
[Date "2010.08.03"]
[Round "3.3"]
[White "Bodenez, Vincent"]
[Black "Puczylowski, Marcin"]
[Result "0-1"]
[WhiteElo "2177"]
[BlackElo "2034"]
[PlyCount "40"]
[EventDate "2010.??.??"]

1. e4 c5 2. Nc3 Nc6 3. Nf3 d6 4. d4 cxd4 5. Nxd4 e5 6. Nb3 Be6 7. Be3 Nf6 8.
Qd2 Be7 9. f3 a6 10. O-O-O Na5 11. Qf2 Nxb3+ 12. axb3 b5 13. g4 O-O 14. g5 Nh5
15. h4 Qd7 16. Nd5 Bd8 17. Nb6 Bxb6 18. Bxb6 Qc6 19. Ba5 Bxb3 20. Rd3 Bc4 0-1

[Event "VII Miedzynarodowy Festiwal Szachowy - O"]
[Site "Ostroda"]
[Date "2010.08.03"]
[Round "3.4"]
[White "Malczyk, Rafal"]
[Black "Reza, Wojciech"]
[Result "0-1"]
[WhiteElo "2103"]
[BlackElo "1940"]
[PlyCount "70"]
[EventDate "2010.??.??"]

1. d4 Nf6 2. Nf3 e6 3. Bg5 c5 4. e3 Nc6 5. c3 d5 6. Nbd2 Be7 7. Bd3 O-O 8. Qc2
h6 9. h4 c4 10. Bxf6 Bxf6 11. Be2 g6 12. e4 e5 13. dxe5 Nxe5 14. Nxe5 Bxe5 15.
Rd1 dxe4 16. Nxc4 Qe7 17. h5 Bf4 18. g3 Bc7 19. hxg6 fxg6 20. Ne3 Bb6 21. Bc4+
Kh7 22. Nd5 Qc5 23. Nxb6 Qxb6 24. Rd4 Bf5 25. Qd2 h5 26. O-O Rae8 27. Bb3 e3
28. fxe3 Qc7 29. Kh2 Qe5 30. e4 Bg4 31. Bf7 Kg7 32. Bxe8 Rxf1 33. Qd3 Rf3 34.
Rd7+ Bxd7 35. Qxf3 Bxe8 0-1

[Event "VII Miedzynarodowy Festiwal Szachowy - O"]
[Site "Ostroda"]
[Date "2010.08.03"]
[Round "3.5"]
[White "Renkowski, Piotr"]
[Black "Nasuta, Grzegorz"]
[Result "1/2-1/2"]
[WhiteElo "1931"]
[BlackElo "2102"]
[PlyCount "59"]
[EventDate "2010.??.??"]

1. e4 c5 2. Nf3 d6 3. c3 Nf6 4. Be2 Bg4 5. O-O e6 6. Re1 Be7 7. d4 O-O 8. h3
Bh5 9. Qb3 Qc7 10. Nbd2 Nbd7 11. d5 exd5 12. exd5 Rab8 13. Nf1 b5 14. Ng3 Bg6
15. a4 Qb7 16. axb5 Nxd5 17. Nh2 N7b6 18. Bf3 c4 19. Qd1 Bd3 20. Ng4 Qd7 21.
Ne3 Nxe3 22. Bxe3 d5 23. Ne2 Bf6 24. Nf4 Qxb5 25. Nxd3 cxd3 26. Rxa7 Qxb2 27.
Qxd3 Qxc3 28. Qxc3 Bxc3 29. Rd1 Nc8 30. Rd7 1/2-1/2

[Event "VII Miedzynarodowy Festiwal Szachowy - O"]
[Site "Ostroda"]
[Date "2010.08.03"]
[Round "3.6"]
[White "Rak, Tomasz"]
[Black "Maruszczak, Joanna"]
[Result "0-1"]
[WhiteElo "2093"]
[BlackElo "1643"]
[PlyCount "146"]
[EventDate "2010.??.??"]

1. Nf3 g6 2. d4 Bg7 3. c4 Nf6 4. Nc3 O-O 5. e4 d6 6. h3 c5 7. d5 e6 8. Bd3 exd5
9. cxd5 b5 10. Nxb5 Re8 11. O-O Nxe4 12. Bxe4 Rxe4 13. Re1 Rxe1+ 14. Qxe1 Bb7
15. Bf4 Bxd5 16. Rd1 Bc6 17. Rxd6 Qb6 18. Qe7 Nd7 19. Ng5 Rf8 20. Nxa7 Qxa7 21.
Rxc6 h6 22. Ne4 Qxa2 23. Kh2 Nb8 24. Rb6 Qa8 25. Nxc5 Nc6 26. Qd6 Nd4 27. Nd7
Nf5 28. Qb4 Rd8 29. Rb7 Qc8 30. Rc7 Qa6 31. Qb3 Ne7 32. Ne5 Qf6 33. Bg3 Qxe5
34. Bxe5 Bxe5+ 35. g3 Bxc7 36. Qb7 Nd5 37. b4 Bb6 38. Kg2 Kg7 39. f4 h5 40. Kf3
Rd6 41. b5 Nc3 42. g4 hxg4+ 43. hxg4 Nxb5 44. Qe4 Re6 45. Qb4 Nd4+ 46. Kg2 Rf6
47. Qb2 Rxf4 48. Qxb6 Rxg4+ 49. Kf2 f5 50. Ke3 Re4+ 51. Kd3 Kh6 52. Qd8 Nf3 53.
Qf6 Ne5+ 54. Kd2 Kh5 55. Qh8+ Kg4 56. Qh1 Nf3+ 57. Kd3 g5 58. Qh7 Kf4 59. Qh6
Re3+ 60. Kc2 Kg3 61. Qb6 f4 62. Qh6 g4 63. Qh5 Nd4+ 64. Kd2 Nf3+ 65. Kc2 Nh4
66. Kd2 Ng2 67. Qd5 f3 68. Qd6+ Kf2 69. Qc5 g3 70. Qg5 Re2+ 71. Kc3 Kg1 72.
Qc5+ f2 73. Kd3 Re3+ 0-1

[Event "VII Miedzynarodowy Festiwal Szachowy - O"]
[Site "Ostroda"]
[Date "2010.08.03"]
[Round "3.7"]
[White "Gorniewicz, Oskar"]
[Black "Budrewicz, Krzysztof"]
[Result "1-0"]
[WhiteElo "1896"]
[BlackElo "2269"]
[PlyCount "65"]
[EventDate "2010.??.??"]

1. d4 Nf6 2. c4 g6 3. Nc3 Bg7 4. e4 O-O 5. Nf3 d6 6. Be2 e5 7. Be3 Nc6 8. d5
Ne7 9. O-O Ng4 10. Bg5 f6 11. Bh4 g5 12. Bg3 Nh6 13. Ne1 f5 14. f3 Ng6 15. Nd3
f4 16. Bf2 Nf7 17. c5 h5 18. cxd6 cxd6 19. Rc1 Nh6 20. Nb5 Rf7 21. Nxa7 Bd7 22.
Qb3 g4 23. Qb6 Qg5 24. Qxb7 Raf8 25. Rc7 gxf3 26. Bxf3 Bg4 27. Ne1 h4 28. Bxg4
Qxg4 29. h3 Qe2 30. Nb5 Qxe4 31. Nf3 Nf5 32. Rxf7 Rxf7 33. Qxf7+ 1-0

[Event "VII Miedzynarodowy Festiwal Szachowy - O"]
[Site "Ostroda"]
[Date "2010.08.03"]
[Round "3.8"]
[White "Dobrowolski, Marcin"]
[Black "Le Masle, Raphael"]
[Result "1-0"]
[WhiteElo "1964"]
[BlackElo "2128"]
[PlyCount "42"]
[EventDate "2010.??.??"]

1. d4 Nf6 2. Nf3 g6 3. h3 Bg7 4. Bf4 d6 5. e3 O-O 6. Be2 Nfd7 7. Bh2 e5 8. O-O
Nc6 9. c3 e4 10. Nfd2 Nf6 11. b4 h5 12. Qc2 Bf5 13. a4 Re8 14. b5 Nb8 15. c4
Nh7 16. Nc3 Qe7 17. Kh1 h4 18. Bg4 Bxg4 19. hxg4 h3 20. Qxe4 hxg2+ 21. Kxg2 Qd7
1-0

[Event "VII Miedzynarodowy Festiwal Szachowy - O"]
[Site "Ostroda"]
[Date "2010.08.03"]
[Round "3.10"]
[White "Opalinski, Krzysztof"]
[Black "Zurkowski, Andrzej"]
[Result "0-1"]
[WhiteElo "1805"]
[BlackElo "2175"]
[PlyCount "64"]
[EventDate "2010.??.??"]

1. e4 c5 2. Nc3 e6 3. f4 Nc6 4. Nf3 g6 5. e5 d6 6. d4 cxd4 7. Nxd4 dxe5 8. Nxc6
Qxd1+ 9. Nxd1 bxc6 10. fxe5 Bg7 11. Bf4 Ne7 12. c4 c5 13. Be2 Bb7 14. O-O Nf5
15. Bf3 Bxf3 16. gxf3 g5 17. Bxg5 Bxe5 18. Bd2 O-O-O 19. Bc3 Nd4 20. Rf2 Rhg8+
21. Kf1 Bf4 22. b4 cxb4 23. Bxb4 Nc6 24. Bc5 Rd3 25. Rb1 Rgd8 26. Ke1 Ne5 27.
Rfb2 Nxf3+ 28. Ke2 Nxh2 29. Bxa7 Rd2+ 30. Rxd2 Rxd2+ 31. Ke1 Nf3+ 32. Kf1 Rxa2
0-1

[Event "VII Miedzynarodowy Festiwal Szachowy - O"]
[Site "Ostroda"]
[Date "2010.08.03"]
[Round "3.11"]
[White "Malczyk, Jakub"]
[Black "Kuban, Wieslaw"]
[Result "1-0"]
[WhiteElo "2065"]
[BlackElo "1775"]
[PlyCount "51"]
[EventDate "2010.??.??"]

1. d4 Nf6 2. Nf3 d5 3. Bf4 e6 4. e3 c5 5. c3 Nc6 6. Bd3 c4 7. Bc2 Bd6 8. O-O b5
9. Nbd2 O-O 10. Bxd6 Qxd6 11. e4 Qf4 12. e5 Nd7 13. g3 Qh6 14. Qe2 Bb7 15. h4
Rae8 16. Nh2 f5 17. b3 Ne7 18. f4 Rc8 19. Rfc1 Nb6 20. a4 bxa4 21. bxc4 dxc4
22. Bxa4 Qg6 23. Nhf1 Rc7 24. Kh2 Rfc8 25. Ne3 Ned5 26. Bb5 1-0

[Event "VII Miedzynarodowy Festiwal Szachowy - O"]
[Site "Ostroda"]
[Date "2010.08.03"]
[Round "3.12"]
[White "Olchowko, Blazej"]
[Black "Pirou, David"]
[Result "1/2-1/2"]
[WhiteElo "1754"]
[BlackElo "1995"]
[PlyCount "63"]
[EventDate "2010.??.??"]

1. c4 Nf6 2. Nc3 g6 3. e4 c5 4. g3 d6 5. Bg2 Bg7 6. d3 Nc6 7. Nge2 a6 8. O-O
Rb8 9. f4 O-O 10. h3 Bd7 11. Be3 b5 12. Qd2 b4 13. Nd5 e6 14. Nxf6+ Bxf6 15. e5
Bg7 16. d4 b3 17. a3 Na5 18. Rac1 dxe5 19. dxe5 Qc7 20. Rfd1 Rfd8 21. Qc3 Nxc4
22. Qxc4 Bb5 23. Qxc5 Qxc5 24. Rxd8+ Rxd8 25. Bxc5 Bxe2 26. Bd6 Bf8 27. Rc3
Bxd6 28. exd6 Rxd6 29. Rxb3 Bb5 30. Rb4 Rd1+ 31. Kf2 Rd2+ 32. Kg1 1/2-1/2

[Event "VII Miedzynarodowy Festiwal Szachowy - O"]
[Site "Ostroda"]
[Date "2010.08.03"]
[Round "3.13"]
[White "Wodzynski, Michal"]
[Black "Makosa, Angelika"]
[Result "1-0"]
[WhiteElo "1971"]
[BlackElo "1724"]
[PlyCount "49"]
[EventDate "2010.??.??"]

1. e4 e5 2. f4 exf4 3. Nf3 g5 4. Bc4 Nc6 5. d4 g4 6. Ne5 Nxe5 7. dxe5 Qh4+ 8.
Kf1 f3 9. Be3 fxg2+ 10. Kxg2 Qh3+ 11. Kf2 Be7 12. Nc3 Bh4+ 13. Ke2 Qg2+ 14. Kd3
d6 15. Qf1 Qxf1+ 16. Rhxf1 Be6 17. exd6 cxd6 18. Bd4 Bxc4+ 19. Kxc4 f6 20. Nb5
Kd7 21. Bxa7 Ne7 22. Rad1 Rhc8+ 23. Kb3 Rc6 24. Bd4 Rf8 25. Rf4 1-0